Toutes les communes de la Dordogne sur une carte - Statistiques

Statistiques générales
  • Ce quiz a été pris 511 fois
  • Le résultat moyen est 79 sur 503
Réponses sur la Carte
Les réponses sont colorées sur une échelle allant du rouge au vert en fonction du pourcentage des utilisateurs qui les ont devinées à leur premier essai. Vous pouvez retrouver ces pourcentages ci-dessous.
 
Statistiques - réponses
Initiale Réponse Population (2021) % Correct
P Périgueux 29 516
97%
B Bergerac 26 323
90%
S Sarlat-la-Canéda 8 812
88%
N Nontron 3 041
65%
B Boulazac Isle Manoire 10 697
64%
M Montignac-Lascaux 2 759
54%
R Ribérac 3 828
54%
T Trélissac 7 268
54%
B Brantôme en Périgord 3 721
52%
M Montpon-Ménestérol 5 834
50%
Sᵗ Saint-Astier 5 320
50%
Sᵗ Saint-Pierre-de-Chignac 917
50%
Sᵗ Saint-Pierre-de-Côle 424
50%
Sᵗ Saint-Pierre-de-Frugie 444
50%
Sᵗ Saint-Pierre-d'Eyraud 1 808
50%
M Mussidan 2 776
47%
(Les) E Les Eyzies 1 121
44%
M Marsac-sur-l'Isle 3 143
44%
T Terrasson-Lavilledieu 6 261
43%
(Le) B Le Bugue 2 613
42%
Sᵗ Saint-Jean-d'Ataux 135
39%
Sᵗ Saint-Jean-de-Côle 366
39%
Sᵗ Saint-Jean-d'Estissac 160
39%
V Vergt 1 731
39%
V Vergt-de-Biron 189
39%
Sᵗ Saint-Laurent-des-Hommes 1 031
38%
Sᵗ Saint-Laurent-des-Vignes 1 001
38%
Sᵗ Saint-Laurent-la-Vallée 234
38%
L Lalinde 2 881
37%
(La) R La Roche-Chalais 3 018
37%
T Thiviers 2 865
37%
Sᵗ Saint-Paul-de-Lizonne 279
36%
Sᵗ Saint-Paul-de-Serre 323
36%
Sᵗ Saint-Paul-la-Roche 523
36%
Sᵗ Saint-Léon-d'Issigeac 145
35%
Sᵗ Saint-Léon-sur-l'Isle 2 051
35%
Sᵗ Saint-Léon-sur-Vézère 426
35%
Sᵗ Saint-Martin-de-Fressengeas 362
35%
Sᵗ Saint-Martin-de-Gurson 645
35%
Sᵗ Saint-Martin-de-Ribérac 734
35%
Sᵗ Saint-Martin-des-Combes 200
35%
Sᵗ Saint-Martin-l'Astier 140
35%
Sᵗ Saint-Martin-le-Pin 268
35%
B Beynac-et-Cazenac 497
34%
P Pays de Belvès 1 322
34%
Sᵗ Saint-Vincent-de-Connezac 669
34%
Sᵗ Saint-Vincent-de-Cosse 376
34%
Sᵗ Saint-Vincent-Jalmoutiers 238
34%
Sᵗ Saint-Vincent-le-Paluel 293
34%
Sᵗ Saint-Vincent-sur-l'Isle 311
34%
N Neuvic 3 640
33%
C Chancelade 4 435
32%
V Villefranche-de-Lonchat 958
31%
V Villefranche-du-Périgord 666
31%
C Château-l'Évêque 2 151
30%
C Coulounieix-Chamiers 7 245
30%
C Cours-de-Pie 1 548
30%
T Thenon 1 257
30%
D Domme 902
29%
E Eymet 2 535
29%
M Monbazillac 810
29%
Sᵗ Saint-Germain-de-Belvès 173
29%
Sᵗ Saint-Germain-des-Prés 462
29%
Sᵗ Saint-Germain-du-Salembre 920
29%
Sᵗ Saint-Germain-et-Mons 876
29%
Sᵗ Saint-Julien-de-Lampon 650
29%
Sᵗ Saint-Julien-Innocence-Eulalie 311
29%
B Bassillac et Auberoche 4 363
28%
E Excideuil 1 186
28%
(La) C La Chapelle-Aubareil 538
28%
(La) C La Chapelle-Faucher 390
28%
(La) C La Chapelle-Gonaguet 1 067
28%
(La) C La Chapelle-Grésignac 103
28%
(La) C La Chapelle-Montabourlet 59
28%
(La) C La Chapelle-Montmoreau 74
28%
(La) C La Chapelle-Saint-Jean 86
28%
(La) R La Roque-Gageac 430
28%
(Le) B Le Buisson-de-Cadouin 1 945
28%
R Razac-de-Saussignac 341
28%
R Razac-d'Eymet 320
28%
R Razac-sur-l'Isle 2 369
28%
C Castelnaud-la-Chapelle 447
27%
C Creysse 1 747
27%
C Champcevinel 3 029
26%
I Issigeac 746
26%
Sᵗ Saint-André-d'Allas 875
26%
Sᵗ Saint-André-de-Double 175
26%
Sᵗ Saint-Cyprien 1 551
26%
V Val de Louyre et Caudeau 1 590
26%
(La) F La Force 2 658
25%
M Mareuil en Périgord 2 303
25%
R Rouffignac-de-Sigoulès 309
25%
R Rouffignac-Saint-Cernin-de-Reilhac 1 641
25%
Sᵗ Saint-Michel-de-Double 231
25%
Sᵗ Saint-Michel-de-Montaigne 322
25%
Sᵗ Saint-Michel-de-Villadeix 299
25%
A Agonac 1 796
24%
(La) C La Coquille 1 261
24%
(La) T La-Tour-Blanche-Cercles 555
24%
(Le) L Le Lardin-Saint-Lazare 1 665
24%
Sᵗ Saint-Antoine-de-Breuilh 1 844
24%
Ste Sainte-Foy-de-Belvès 140
24%
Ste Sainte-Foy-de-Longas 242
24%
Sᵗ Saint-Martial-d'Albarède 480
24%
Sᵗ Saint-Martial-d'Artenset 943
24%
Sᵗ Saint-Martial-de-Nabirat 570
24%
Sᵗ Saint-Martial-de-Valette 800
24%
Sᵗ Saint-Martial-Viveyrol 185
24%
S Sanilhac 4 674
24%
C Coursac 2 284
22%
H Hautefort 818
22%
A Antonne-et-Trigonant 1 257
21%
(La) D La Douze 1 155
21%
P Prigonrieux 4 292
21%
Sᵗ Saint-Georges-Blancaneix 286
21%
Sᵗ Saint-Georges-de-Montclard 276
21%
S Siorac-de-Ribérac 254
21%
S Siorac-en-Périgord 1 067
21%
T Tocane-Saint-Apre 1 745
21%
L Lisle 823
20%
M Monpazier 447
20%
Sᵗ Saint-Médard-de-Mussidan 1 648
20%
Sᵗ Saint-Médard-d'Excideuil 544
20%
Sᵗ Saint-Pardoux-de-Drône 192
20%
Sᵗ Saint-Pardoux-et-Vielvic 189
20%
Sᵗ Saint-Pardoux-la-Rivière 1 169
20%
S Savignac-de-Miremont 176
20%
S Savignac-de-Nontron 199
20%
S Savignac-Lédrier 715
20%
S Savignac-les-Églises 950
20%
B Bourdeilles 780
19%
L Lanouaille 948
19%
M Mensignac 1 520
19%
P Port-Sainte-Foy-et-Ponchapt 2 501
19%
Sᵗ Saint Aulaye-Puymangou 1 414
19%
V Verteillac 549
19%
A Annesse-et-Beaulieu 1 445
18%
C Condat-sur-Trincou 486
18%
C Condat-sur-Vézère 871
18%
(La) B La Bachellerie 895
18%
Sᵗ Saint-Aubin-de-Cadelech 347
18%
Sᵗ Saint-Aubin-de-Lanquais 357
18%
Sᵗ Saint-Aubin-de-Nabirat 154
18%
Sᵗ Saint-Félix-de-Bourdeilles 68
18%
Sᵗ Saint-Félix-de-Reillac-et-Mortemart 177
18%
Sᵗ Saint-Félix-de-Villadeix 323
18%
Sᵗ Saint-Front-d'Alemps 255
18%
Sᵗ Saint-Front-de-Pardoux 1 168
18%
Sᵗ Saint-Front-la-Rivière 497
18%
Sᵗ Saint-Front-sur-Nizonne 164
18%
V Villamblard 889
18%
V Vitrac 838
18%
C Carlux 640
17%
C Chalais 404
17%
C Cubjac-Auvézère-Val-d'Ans 1 104
17%
Sᵗ Saint-Amand-de-Vergt 248
17%
Sᵗ Saint-Crépin-d'Auberoche 332
17%
Sᵗ Saint-Crépin-et-Carlucet 528
17%
Ste Sainte-Eulalie-d'Ans 297
17%
Sᵗ Saint-Étienne-de-Puycorbier 108
17%
Sᵗ Saint-Méard-de-Drône 494
17%
Sᵗ Saint-Méard-de-Gurçon 808
17%
Sᵗ Saint-Sauveur 859
17%
Sᵗ Saint-Sauveur-Lalande 148
17%
S Salignac-Eyvigues 1 185
17%
S Sorges et Ligueux en Périgord 1 612
17%
B Bourg-des-Maisons 70
16%
B Bourg-du-Bost 226
16%
B Bussac 391
16%
C Carsac-Aillac 1 541
16%
C Carsac-de-Gurson 182
16%
C Conne-de-Labarde 262
16%
É Église-Neuve-d'Issac 123
16%
L Limeuil 335
16%
N Négrondes 787
16%
Sᵗ Saint-Louis-en-l'Isle 305
16%
Sᵗ Saint-Sulpice-de-Roumagnac 286
16%
Sᵗ Saint-Sulpice-d'Excideuil 359
16%
T Trémolat 626
16%
A Ajat 292
15%
B Biron 140
15%
É Église-Neuve-de-Vergt 578
15%
E Eyraud-Crempse-Maurens 1 629
15%
G Gardonne 1 590
15%
G Grand-Brassac 538
15%
(Le) F Le Fleix 1 493
15%
M Montagnac-d'Auberoche 133
15%
M Montagnac-la-Crempse 405
15%
Sᵗ Saint-Hilaire-d'Estissac 122
15%
Sᵗ Saint-Romain-de-Monpazier 112
15%
Sᵗ Saint-Romain-et-Saint-Clément 328
15%
Sᵗ Saint-Seurin-de-Prats 472
15%
S Sarliac-sur-l'Isle 1 037
15%
A Angoisse 591
14%
C Cornille 690
14%
(La) J La Jemaye-Ponteyraud 150
14%
L Lamonzie-Montastruc 692
14%
L Lamonzie-Saint-Martin 2 741
14%
M Ménesplet 1 887
14%
M Montrem 1 194
14%
Sᵗ Saint-Victor 211
14%
S Sigoulès-et-Flaugeac 1 221
14%
A Auriac-du-Périgord 401
13%
B Beauregard-de-Terrasson 679
13%
B Beauregard-et-Bassac 290
13%
C Cénac-et-Saint-Julien 1 194
13%
C Champagnac-de-Belair 782
13%
C Chantérac 627
13%
C Coly-Saint-Amand 608
13%
C Couze-et-Saint-Front 722
13%
É Échourgnac 393
13%
F Fossemagne 548
13%
G Grignols 667
13%
I Issac 429
13%
L Léguillac-de-l'Auche 981
13%
L Limeyrat 434
13%
M Milhac-de-Nontron 495
13%
P Petit-Bersac 186
13%
P Piégut-Pluviers 1 183
13%
Sᵗ Saint-Avit-de-Vialard 153
13%
Sᵗ Saint-Avit-Rivière 84
13%
Sᵗ Saint-Avit-Sénieur 409
13%
Sᵗ Saint-Barthélémy-de-Bellegarde 504
13%
Sᵗ Saint-Barthélémy-de-Bussière 212
13%
Sᵗ Saint-Just 147
13%
Sᵗ Saint-Marcel-du-Périgord 141
13%
Sᵗ Saint-Rémy 502
13%
V Vélines 1 052
13%
V Villetoureix 902
13%
B Badefols-d'Ans 398
12%
B Badefols-sur-Dordogne 207
12%
B Bars 240
12%
B Beaumontois en Périgord 1 767
12%
B Biras 700
12%
C Campsegret 390
12%
D Douzillac 828
12%
G Ginestet 746
12%
J Jumilhac-le-Grand 1 140
12%
M Mouleydier 1 150
12%
Sᵗ Saint-Aquilin 470
12%
Sᵗ Saint-Vivien 241
12%
S Saussignac 418
12%
S Sourzac 1 118
12%
V Vanxains 689
12%
A Abjat-sur-Bandiat 631
11%
A Allas-les-Mines 191
11%
A Allemans 528
11%
A Azerat 434
11%
B Beaupouyet 542
11%
B Bertric-Burée 425
11%
B Boisse 248
11%
B Borrèze 348
11%
B Busserolles 505
11%
B Bussière-Badil 373
11%
C Campagne 417
11%
C Celles 602
11%
C Coulaures 731
11%
F Faux 661
11%
G Groléjac 664
11%
L Lembras 1 243
11%
(Le) P Le Pizou 1 383
11%
M Montagrier 501
11%
N Nabirat 359
11%
P Parcoul-Chenaud 800
11%
P Payzac 971
11%
P Peyzac-le-Moustier 197
11%
Sᵗ Saint-Cernin-de-Labarde 224
11%
Sᵗ Saint-Cernin-de-l'Herm 200
11%
Ste Sainte-Croix 87
11%
Ste Sainte-Croix-de-Mareuil 148
11%
Sᵗ Saint-Geniès 902
11%
Sᵗ Saint-Rabier 583
11%
T Tourtoirac 636
11%
T Tursac 332
11%
V Vézac 511
11%
B Bourrou 127
10%
C Corgnac-sur-l'Isle 854
10%
C Creyssac 101
10%
L Lacropte 689
10%
L Lamothe-Montravel 1 410
10%
L Lanquais 499
10%
M Manzac-sur-Vern 547
10%
M Marcillac-Saint-Quentin 829
10%
M Marquay 586
10%
Sᵗ Saint-Agne 449
10%
Sᵗ Saint-Capraise-de-Lalinde 524
10%
Sᵗ Saint-Capraise-d'Eymet 166
10%
Sᵗ Saint-Cyr-les-Champagnes 280
10%
Ste Sainte-Nathalène 638
10%
Sᵗ Saint-Estèphe 589
10%
Sᵗ Saint-Nexans 993
10%
Sᵗ Saint Privat en Périgord 1 120
10%
S Sarrazac 360
10%
V Veyrines-de-Domme 234
10%
V Veyrines-de-Vergt 246
10%
A Aubas 616
9%
A Augignac 822
9%
B Bayac 357
9%
B Bouniagues 600
9%
B Bouteilles-Saint-Sébastien 179
9%
C Cherveix-Cubas 555
9%
C Clermont-de-Beauregard 122
9%
C Clermont-d'Excideuil 241
9%
C Connezac 73
9%
C Coux et Bigaroque-Mouzens 1 223
9%
D Daglan 541
9%
D Douchapt 346
9%
E Eygurande-et-Gardedeuil 410
9%
E Eyzerac 553
9%
G Génis 498
9%
G Gout-Rossignol 365
9%
J Javerlhac-et-la-Chapelle-Saint-Robert 823
9%
(Les) F Les Farges 304
9%
(Les) L Les Lèches 377
9%
L Lunas 432
9%
M Monestier 409
9%
M Montcaret 1 429
9%
M Moulin-Neuf 948
9%
N Nadaillac 379
9%
N Nanteuil-Auriac-de-Bourzac 232
9%
N Nantheuil 978
9%
N Naussannes 246
9%
P Plazac 703
9%
P Pomport 732
9%
Q Quinsac 384
9%
R Ribagnac 323
9%
Sᵗ Saint-Géry 247
9%
Sᵗ Saint-Geyrac 193
9%
Sᵗ Saint-Mesmin 325
9%
Sᵗ Saint-Pompon 353
9%
S Sarlande 427
9%
S Segonzac 202
9%
V Villars 456
9%
A Anlhiac 265
8%
A Audrix 258
8%
B Beleymas 273
8%
B Bosset 226
8%
B Brouchaud 210
8%
C Calès 376
8%
C Calviac-en-Périgord 531
8%
C Champs-Romain 283
8%
C Chapdeuil 138
8%
C Comberanche-et-Épeluche 164
8%
C Coutures 193
8%
D Douville 459
8%
D Dussac 417
8%
E Escoire 396
8%
F Fanlac 140
8%
F Firbeix 305
8%
G Gageac-et-Rouillac 459
8%
(La) F La Feuillade 788
8%
(La) R La Rochebeaucourt-et-Argentine 331
8%
L Liorac-sur-Louyre 260
8%
M Mialet 633
8%
M Molières 344
8%
N Nanthiat 235
8%
P Paussac-et-Saint-Vivien 467
8%
P Prats-de-Carlux 491
8%
P Prats-du-Périgord 146
8%
Q Queyssac 509
8%
Ste Sainte-Orse 352
8%
Sᵗ Saint-Jory-de-Chalais 562
8%
Sᵗ Saint-Jory-las-Bloux 239
8%
Sᵗ Saint-Séverin-d'Estissac 90
8%
T Thonac 262
8%
A Alles-sur-Dordogne 388
7%
B Baneuil 319
7%
B Bardou 45
7%
B Beauronne 368
7%
B Besse 158
7%
B Bonneville-et-Saint-Avit-de-Fumadières 309
7%
B Bourgnac 351
7%
C Campagnac-lès-Quercy 324
7%
C Capdrot 461
7%
C Chalagnac 442
7%
C Champagne-et-Fontaine 347
7%
C Champniers-et-Reilhac 482
7%
C Cherval 231
7%
F Fleurac 309
7%
F Fonroque 331
7%
F Fraisse 175
7%
G Grun-Bordas 244
7%
J Jayac 185
7%
J Journiac 467
7%
(La) C La Cassagne 153
7%
(La) D La Dornac 401
7%
(Le) B Le Bourdeix 234
7%
(Les) C Les Coteaux Périgourdins 556
7%
L Loubejac 258
7%
L Lusignac 162
7%
M Mauzac-et-Grand-Castang 873
7%
M Monsac 183
7%
P Paulin 248
7%
P Pazayac 827
7%
P Plaisance 417
7%
P Proissans 1 071
7%
Ste Sainte-Radegonde 71
7%
Sᵗ Saint-Géraud-de-Corps 222
7%
Sᵗ Saint-Pantaly-d'Excideuil 159
7%
Sᵗ Saint-Perdoux 143
7%
Sᵗ Saint-Priest-les-Fougères 371
7%
Sᵗ Saint-Raphaël 93
7%
Sᵗ Saint-Saud-Lacoussière 821
7%
S Salon 290
7%
T Tamniès 399
7%
V Varennes 462
7%
V Villac 274
7%
A Archignac 396
6%
B Bourniquel 72
6%
C Chourgnac 66
6%
C Creyssensac-et-Pissot 259
6%
C Cunèges 305
6%
F Faurilles 35
6%
F Fouleix 269
6%
G Gabillou 95
6%
G Granges-d'Ans 145
6%
J Jaure 176
6%
L Lolme 191
6%
M Mauzens-et-Miremont 286
6%
M Mazeyrolles 304
6%
M Meyrals 693
6%
M Monmadalès 80
6%
M Monmarvès 62
6%
M Montpeyroux 487
6%
P Pechs-de-l'Espérance 772
6%
P Peyrignac 581
6%
Sᵗ Saint-Cybranet 363
6%
Sᵗ Saint-Pancrace 154
6%
S Salagnac 721
6%
S Sergeac 213
6%
S Servanches 78
6%
S Singleyrac 313
6%
S Soudat 97
6%
T Thénac 462
6%
U Urval 113
6%
V Vallereuil 266
6%
V Verdon 37
6%
B Berbiguières 176
5%
B Boisseuilh 113
5%
B Bouillac 126
5%
B Bouzic 149
5%
C Carves 103
5%
C Cause-de-Clérans 341
5%
C Chassaignes 69
5%
C Châtres 182
5%
C Colombier 274
5%
C Coubjours 111
5%
F Fougueyrolles 448
5%
H Hautefaye 134
5%
L Larzac 150
5%
L Lussas-et-Nontronneau 287
5%
M Marsalès 227
5%
M Mescoules 180
5%
M Minzac 486
5%
M Monsaguel 139
5%
M Montazeau 281
5%
N Nailhac 293
5%
N Nastringues 128
5%
P Paunat 317
5%
P Pressignac-Vicq 444
5%
P Preyssac-d'Excideuil 141
5%
R Rudeau-Ladosse 156
5%
S Sadillac 109
5%
Sᵗ Saint-Cassien 34
5%
Ste Sainte-Trie 112
5%
Sᵗ Saint-Mayme-de-Péreyrol 284
5%
S Sceau-Saint-Angel 128
5%
S Simeyrols 254
5%
T Teillots 99
5%
T Temple-Laguyon 35
5%
T Teyjat 277
5%
V Varaignes 362
5%
V Vaunac 245
5%
C Castels et Bézenac 808
4%
É Étouars 163
4%
G Gaugeac 107
4%
G Grives 107
4%
L Lavalade 103
4%
L Lavaur 76
4%
L Lempzours 133
4%
M Mayac 330
4%
M Monfaucon 288
4%
M Montaut 127
4%
M Montferrand-du-Périgord 154
4%
O Orliac 47
4%
P Pezuls 123
4%
P Pontours 201
4%
R Rampieux 140
4%
S Sagelat 316
4%
Sᵗ Saint-Chamassy 493
4%
Ste Sainte-Mondane 287
4%
Sᵗ Saint-Marcory 52
4%
S Salles-de-Belvès 76
4%
S Serres-et-Montguyard 243
4%
S Soulaures 72
4%
V Valojoulx 284
4%
V Vendoire 132
4%
V Veyrignac 331
4%
C Cladech 95
3%
D Doissat 102
3%
F Florimont-Gaumier 156
3%
M Marnac 181
2%
M Monplaisant 279
2%
Aucun quiz correspondant
Distribution des résultats
% des personnes avec chaque résultat
Percentile par nombre de réponses
Votre historique - résultats
Vous n’avez pas pris ce quiz